Hedging through International Commodity Exchanges (Committee) (Chairman (Record no. 695218)

MARC details
000 -LEADER
fixed length control field 00818nam a2200277Ia 4500
003 - CONTROL NUMBER IDENTIFIER
control field OSt
005 - DATE AND TIME OF LATEST TRANSACTION
control field 20220927105920.0
008 - FIXED-LENGTH DATA ELEMENTS--GENERAL INFORMATION
fixed length control field 220926b |||||||| |||| 00| 0 eng d
037 ## - SOURCE OF ACQUISITION
Terms of availability Reference Collections
040 ## - CATALOGING SOURCE
Original cataloging agency RTL
Transcribing agency RTL
Language of cataloging eng
041 ## - LANGUAGE CODE
Source of code eng
Language code of text/sound track or separate title eng
110 ## - MAIN ENTRY--CORPORATE NAME
Corporate name or jurisdiction name as entry element RESERVE BANK OF INDIA.
111 ## - MAIN ENTRY--MEETING NAME
Meeting name or jurisdiction name as entry element "Report (1977 : Mumbai, RBI India)"
9 (RLIN) 375694
245 #0 - TITLE STATEMENT
Title Hedging through International Commodity Exchanges (Committee) (Chairman
Remainder of title R.V.Gupta.)
260 ## - PUBLICATION, DISTRIBUTION, ETC.
Date of publication, distribution, etc. 1997
300 ## - PHYSICAL DESCRIPTION
Extent 74p.
Dimensions cm.
650 ## - SUBJECT ADDED ENTRY--TOPICAL TERM
Topical term or geographic name entry element Free Trade
650 ## - SUBJECT ADDED ENTRY--TOPICAL TERM
Topical term or geographic name entry element Economics
700 ## - ADDED ENTRY--PERSONAL NAME
Personal name RESERVE BANK OF INDIA.
942 ## - ADDED ENTRY ELEMENTS (KOHA)
Classification part "X:533.2.N9t, N7/GD"
Koha item type
Holdings
Withdrawn status Lost status Damaged status Not for loan Home library Current library Date acquired Total Checkouts Full call number Barcode Date last seen Price effective from Koha item type
        Ratan Tata Library Ratan Tata Library 2022-09-27   "X:533.2.N9t N7/GD" RT1144680 2022-09-27 2022-09-27  
Copyright @ Delhi University Library System